00823nam a2200217 a 450000100100000000500170001000800410002704000250006808200170009310000310011024500970014126000530023830000200029165000360031165000330034765000340038070000440041404900090045895201210046799900170058800002427520240517201238.0110125s1972 xxu r 000 0 spa d aDO-SdBNPbspacBNPHU a306.6bL864i1 aLópez Muñoz, A.94982910aInfluencia social del cristianismo /cA. López Muñoz ; prólogo M. Rodríguez Vivanco. a[s.l.] :bCasa Bautista de Publicaciones,c1972. a86 p. ;c19 cm. 4aReligión y sociología97389 0aSociología cristiana95839 4aSociología bíblica9498301 aRodríguez Vivanco, M.epról.949831 abngr 001054708MOaGRbGRcCTd2011-01-26iLF1l0o306.6 L864ip24275-10r2020-06-25w2020-06-25y4ZPréstamo en sala c23769d23769